000 00601nam a2200229Ia 4500
003 OSt
005 20220928125354.0
006 a|||||r|||| 00| 0
007 ta
008 220927b |||||||| |||| 00| 0 eng d
024 _a99259
037 _cTextual
040 _aSDCL
_cSDCL
_beng
041 _2eng
_aeng
082 _aC52, K2
100 _aJackson John David
_9423771
245 0 _aClassical electrodynamics.
260 _aNew York
_b John Wiley And Sons
_c1962
300 _axvii,641p.
_ccm.
942 _hC52, K2
_cTEXL
_2CC
999 _c782062
_d782062